Prime Ministers of India Quiz Stats

 Plays Quiz Updated Feb 7, 2020

     
Support Sporcle.
Go Orange.
Score 0/18 Timer 05:00
4 Plays Today
In Office Prime Minister % Correct
1966-77Indira Gandhi
94.9%
1980-84Indira Gandhi
94.9%
1984-89Rajiv Gandhi
92.7%
1947-64Jawaharlal Nehru
85.1%
2014-Narendra Modi
82.2%
2004-2014Dr Manmohan Singh
77.3%
1979-80Charan Singh
68.9%
1989-90Vishwanath Pratap Singh
68.5%
1990-91Chandra Shekhar
52.5%
In Office Prime Minister % Correct
1996Atal Bihari Vajpayee
47.5%
1998-2004Atal Bihari Vajpayee
47.5%
1991-96P. V. Narasimha Rao
38.2%
1964-66Lal Bahadur Shastri
37.7%
1977-79Morarji Desai
35%
1996-97H. D. Deve Gowda
29.1%
1997-98Inder Kumar Gujral
26.5%
1964Gulzarilal Nanda
26%
1966Gulzari Lal Nanda
26%

From the Vault

MLB Travel Maps

by BanjoZebra

Sports 5m
Have cleats, will travel.
Remove Ads.
Support Sporcle.
Get the best of Sporcle when you Go Orange. This ad-free experience offers more features, more stats, and more fun while also helping to support Sporcle. Thank you for becoming a member.

Show Comments

Extras

Top Quizzes Today


Score Distribution

Your Account Isn't Verified!

In order to create a playlist on Sporcle, you need to verify the email address you used during registration. Go to your Sporcle Settings to finish the process.

Report this User

Report this user for behavior that violates our Community Guidelines.

Details: